| 000 | 00698cgm a22002051 4500 | ||
|---|---|---|---|
| 001 | 0000020904 | ||
| 005 | 20151217161727.0 | ||
| 007 | vd v | ||
| 008 | 111102s xx--- vleng d | ||
| 040 |
_aKABU _cKABU |
||
| 245 | 0 | 0 |
_aEffective leadership in schools _h[videorecording] / _cTony Swainston. |
| 260 |
_aStafford, England : _bNetwork Educational, _c2005. |
||
| 300 |
_a4 DVD (308 min.) : _bsd., col ; _c1/2 in. |
||
| 538 | _aVHS. | ||
| 650 | 0 |
_aSchool administration and organization. _@0000153659 |
|
| 908 | _a111102 | ||
| 950 | _@1 | ||
| 999 |
_c15575 _d15575 |
||